Sher daryā / (Record no. 330637)
[ view plain ]
| 000 -LEADER | |
|---|---|
| fixed length control field | 01242cam a2200325 a 4500 |
| 001 - CONTROL NUMBER | |
| control field | 4922322 |
| 003 - CONTROL NUMBER IDENTIFIER | |
| control field | NUST |
| 005 - DATE AND TIME OF LATEST TRANSACTION | |
| control field | 20170726190751.0 |
| 008 - FIXED-LENGTH DATA ELEMENTS--GENERAL INFORMATION | |
| fixed length control field | 941013s1994 pk 000 0 urdo |
| 010 ## - LIBRARY OF CONGRESS CONTROL NUMBER | |
| LC control number | 94930232 |
| 020 ## - INTERNATIONAL STANDARD BOOK NUMBER | |
| International Standard Book Number | 9693503414 : |
| Terms of availability | Rs150.00 |
| 025 ## - OVERSEAS ACQUISITION NUMBER | |
| Overseas acquisition number | P-U-029920 |
| 040 ## - CATALOGING SOURCE | |
| Original cataloging agency | DLC |
| Transcribing agency | DLC |
| 042 ## - AUTHENTICATION CODE | |
| Authentication code | lcode |
| 043 ## - GEOGRAPHIC AREA CODE | |
| Geographic area code | a-pk--- |
| 050 00 - LIBRARY OF CONGRESS CALL NUMBER | |
| Classification number | DS392.I55 |
| Item number | A25 1994 |
| 082 ## - DEWEY DECIMAL CLASSIFICATION NUMBER | |
| Classification number | 910.4 |
| Author Mark | ABI |
| 100 1# - MAIN ENTRY--PERSONAL NAME | |
| Personal name | ʻĀbidī, Raz̤ā ʻAlī, |
| Dates associated with a name | 1936- |
| 9 (RLIN) | 3428 |
| 245 10 - TITLE STATEMENT | |
| Title | Sher daryā / |
| Statement of responsibility, etc. | Raz̤ā ʻAlī ʻĀbidī. |
| 260 ## - PUBLICATION, DISTRIBUTION, ETC. | |
| Place of publication, distribution, etc. | Lāhore : |
| Name of publisher, distributor, etc. | Sang-i Mīl Pablīkeshanz, |
| Date of publication, distribution, etc. | 2009. |
| 300 ## - PHYSICAL DESCRIPTION | |
| Extent | 344 p. ; |
| Dimensions | 22 cm. |
| 500 ## - GENERAL NOTE | |
| General note | Travelogue |
| 520 ## - SUMMARY, ETC. | |
| Summary, etc. | Impressions of the author's travel in 1990-1991 along the river Indus from Ladakh to the Indus delta near Thatta, Sindh, describing the sociocultural conditions of the region; previously narrated from BBC Urdu service, London. |
| 546 ## - LANGUAGE NOTE | |
| Language note | In Urdu |
| 650 ## - SUBJECT ADDED ENTRY--TOPICAL TERM | |
| Topical term or geographic name entry element | Urdu Literature |
| 9 (RLIN) | 347 |
| 651 #0 - SUBJECT ADDED ENTRY--GEOGRAPHIC NAME | |
| Geographic name | Indus River Region |
| General subdivision | Description and travel. |
| 9 (RLIN) | 3590 |
| 651 #0 - SUBJECT ADDED ENTRY--GEOGRAPHIC NAME | |
| Geographic name | Indus River Region |
| General subdivision | Civilization. |
| 9 (RLIN) | 3591 |
| 651 #0 - SUBJECT ADDED ENTRY--GEOGRAPHIC NAME | |
| Geographic name | Indus River Region |
| General subdivision | Social conditions. |
| 9 (RLIN) | 3592 |
| 880 ## - ALTERNATE GRAPHIC REPRESENTATION | |
| Linkage | 100-01\(3\r |
| Title | رضا علی عابدی |
| 880 ## - ALTERNATE GRAPHIC REPRESENTATION | |
| Linkage | 245-02\(3\r |
| Title | شیر دریا |
| 880 ## - ALTERNATE GRAPHIC REPRESENTATION | |
| Linkage | 260-03\(3\r |
| Title | لاہور: |
| b | سنگ میل پبلی کیشنز، |
| c | 2004 |
| 906 ## - LOCAL DATA ELEMENT F, LDF (RLIN) | |
| a | 7 |
| b | cbc |
| c | origode |
| d | 3 |
| e | ncip |
| f | 19 |
| g | y-gencatlg |
| 942 ## - ADDED ENTRY ELEMENTS (KOHA) | |
| Source of classification or shelving scheme | |
| Koha item type | Book |
| Withdrawn status | Lost status | Source of classification or shelving scheme | Damaged status | Not for loan | Permanent Location | Current Location | Shelving location | Date acquired | Total Checkouts | Full call number | Barcode | Date last seen | Date last checked out | Copy number | Price effective from | Koha item type |
|---|---|---|---|---|---|---|---|---|---|---|---|---|---|---|---|---|
| Central Library (CL) | Central Library (CL) | Fiction | 07/26/2017 | 5 | 910.4 ABI | CL1970 | 07/25/2022 | 06/25/2022 | 1 | 07/26/2017 | Book |
